Инновационные аспекты в развитии регионального машиностроения (Запись № 11102412)

Подробности
000 -МАРКЕР
контрольное поле 01684nam0a2200289 i 4500
001 - ИДЕНТИФИКАТОР ЗАПИСИ
контрольное поле RU\NLR\BIBL_A\011325076
005 - ИДЕНТИФИКАТОР ВЕРСИИ
контрольное поле 20240921214742.0
010 ## - МЕЖДУНАРОДНЫЙ СТАНДАРТНЫЙ НОМЕР КНИГИ (ISBN)
Номер (ISBN) 9785946465649
Тираж 500
021 ## - НОМЕР ГОСУДАРСТВЕННОЙ РЕГИСТРАЦИИ
Код страны Российская Федерация
Номер 2017-1910
Номер Листа государственной регистраци 138
035 ## - ДРУГИЕ СИСТЕМНЫЕ НОМЕРА
Идентификатор записи (NLR Aleph) 011325076
100 ## - ДАННЫЕ ОБЩЕЙ ОБРАБОТКИ
Данные общей обработки 20170213d2016 km y0rusy50 ca
101 0# - ЯЗЫК РЕСУРСА
Язык текста, звукозаписи и т.д. русский
102 ## - СТРАНА ПУБЛИКАЦИИ ИЛИ ПРОИЗВОДСТВА
Страна публикации Российская Федерация
105 ## - ПОЛЕ КОДИРОВАННЫХ ДАННЫХ: ТЕКСТОВЫЕ МАТЕРИАЛЫ, МОНОГРАФИЧЕСКИЕ
Кодированные данные о монографическом текстовом документе a|||z|||000zy
200 1# - ЗАГЛАВИЕ И СВЕДЕНИЯ ОБ ОТВЕТСТВЕННОСТИ
Основное заглавие Инновационные аспекты в развитии регионального машиностроения
Первые сведения об ответственности Ковалева Е.Б., Маликова Д.М.
Последующие сведения об ответственности Российская акдемия наук, Уральское отделение, Федеральное государственное бюджетное учреждение науки Институт экономики
210 ## - ПУБЛИКАЦИЯ, РАСПРОСТРАНЕНИЕ И ДР.
Место издания, распространения и т.д. Екатеринбург
Имя издателя, распространителя и т. д. Федеральное государственное бюджетное учреждение науки Институт экономики Уральского отделения Российской академии наук
Дата издания, распространения и т.д. 2016
215 ## - ФИЗИЧЕСКАЯ ХАРАКТЕРИСТИКА
Специфическое обозначение материала и объем 147 с.
Другие сведения о физической характеристике ил., цв. ил.
Размеры 21
320 ## - ПРИМЕЧАНИЯ О НАЛИЧИИ В ДОКУМЕНТЕ БИБЛИОГРАФИИ / УКАЗАТЕЛЯ
Текст примечания Библиогр.: с. 139-146 (70 назв.)
606 1# - НАИМЕНОВАНИЕ ТЕМЫ КАК ПРЕДМЕТ
Наименование темы Машиностроительная промышленность
Тематический подзаголовок Инновации
Системный номер авторитетной/нормативной записи 2112426
Идентификатор авторитетной/нормативной записи RU\NLR\AUTH\661276531
686 1# - ИНДЕКСЫ ДРУГИХ КЛАССИФИКАЦИЙ
Индекс У30(2)-55
700 #1 - ИМЯ ЛИЦА - ПЕРВИЧНАЯ ОТВЕТСТВЕННОСТЬ
Графика поля Кириллица
Материалы, к которым относится поле rus
Начальный элемент ввода Ковалева
Часть имени, кроме начального элемента ввода Е. Б.
Дополнения к именам, кроме дат канд. экон. наук
Расширение инициалов личного имени Елена Борисовна
Системный номер авторитетной/нормативной записи 156333
Идентификатор авторитетной/нормативной записи RU\NLR\AUTH\770156372
701 #1 - ИМЯ ЛИЦА - АЛЬТЕРНАТИВНАЯ ОТВЕТСТВЕННОСТЬ
Графика поля Кириллица
Материалы, к которым относится поле rus
Начальный элемент ввода Маликова
Часть имени, кроме начального элемента ввода Д. М.
Расширение инициалов личного имени Диляра Мансуровна
Системный номер авторитетной/нормативной записи 170127
Идентификатор авторитетной/нормативной записи RU\NLR\AUTH\770170177
942 ## - ДОПОЛНИТЕЛЬНЫЕ ЭЛЕМЕНТЫ ЗАПИСИ (АБИС)
Тип экземпляра АБИС Книга
980 ## - КОЛЛЕКЦИЯ
Название коллекции НБР

Нет доступных экземпляров.